Flight Dynamics and Control of Aero and Space Vehicles (Record no. 33153)

MARC details
000 -LEADER
fixed length control field 00480nam a22001817a 4500
005 - DATE AND TIME OF LATEST TRANSACTION
control field 20230726125131.0
008 - FIXED-LENGTH DATA ELEMENTS--GENERAL INFORMATION
fixed length control field 230726b |||||||| |||| 00| 0 eng d
020 ## - INTERNATIONAL STANDARD BOOK NUMBER
ISBN 9781118934456
082 ## - DEWEY DECIMAL CLASSIFICATION NUMBER
Classification number 629.1326
Item number YED-F
100 ## - MAIN ENTRY--AUTHOR
Author Name Yadavalli,Rama K.
245 ## - TITLE STATEMENT
Title Flight Dynamics and Control of Aero and Space Vehicles
260 ## - PUBLICATION, DISTRIBUTION, ETC.
Place of Publication India
Name of publisher, distributor, etc. Wiley
Date of publication, distribution, etc. 2020
300 ## - PHYSICAL DESCRIPTION
Pages 519
500 ## - GENERAL NOTE
General note Include index
650 ## - SUBJECT ADDED ENTRY--TOPICAL TERM
Subject / Department Engineering/Aviatation
700 ## - ADDED ENTRY--PERSONAL NAME
Personal name Rama K.Yedavalli
952 ## - LOCATION AND ITEM INFORMATION (KOHA)
-- 0
-- 0
Holdings
Lost status Damaged status Permanent Location Current Location Shelving Location Date acquired Full Call Number Accession No./Barcode Date last seen item type
    Superior Information Resource Center (SIRC) Superior University- Main Campus Superior Information Resource Center (SIRC) Superior University- Main Campus Engineering 07/26/2023 629.1326 YED-R 2020 20268 07/26/2023 BOOK

Powered by Koha